000 01896nam a22002537a 4500
999 _c61917
_d61917
003 Ge_BSU
005 20240607161713.0
008 240607s1963 ge ||||| |||| 00| 0 geo d
041 _ageo
080 _a611.81+616.831 ჩ-84
100 _aჩუბინიძე, ალექსანდრე
_922365
245 _aთავის ტვინის რეტიკულური ფორმაცია :
_bნორმალური და პათოლოგიური მორფოლოგიის ზოგიერთი საკითხი /
_cალექსანდრე ჩუბინიძე; [რედ.: პ. სარაჯიშვილი]; საქ. სსრ მეცნ. აკად., კლინიკ. და ექსპერიმ. ნევროლოგიის ინ-ტი.
264 _aთბილისი :
_bსაქ. სსრ მეცნ. აკად. გამ-ბა,
_c1963.
300 _a107 გვ. :
_b14 ფ. ილ. ;
_c21 სმ
501 _aპარალელური თავფურცელი რუსულ ენაზე.
504 _aბიბლიოგრაფია: გვ.96-106.
520 _aრეზუმე რუსულ ენაზე
653 _aთავის ტვინის რეტიკულური ფორმაცია
653 _aთავის ტვინის პათოლოგიური მორფოლოგია
653 _aმედიცინა
700 _aსარაჯიშვილი, პ.
_eრედაქტორი
_922366
710 _aსაქართველოს სსრ მეცნიერებათა აკადემია კლინიკური და ექსპერიმენტული ნევროლოგიის ინსტიტუტი.
_922367
942 _2udc
_cBK